000 00347nam a2200145Ia 4500
008 230917s9999||||xx |||||||||||||| ||und||
040 _e74208
_aMAIN
041 _aEnglish
082 _a658.4 F959N
100 _aFulmer, Robert M
245 4 _aThe new management
260 _aNew York
_bMacmillan
_c1974
300 _axii, 516 p.
942 _cBK
999 _c196953
_d196953